000 00782nam a22001815i 4500
001 163793
003 ES-MaACL
005 20250814063248.0
008 991102s1896 sp |||| | spa d
040 _aCCPB | B
_bspa
_cCCPB | B
100 1 _aRodríguez Miguel, Luis,
_d1844-1916
_9156327
245 1 0 _aDiscurso leído en la Universidad Literaria de Salamanca
_b: para la solemne apertura del curso académico de 1896 a 1897 /
_cpor Luis Rodríguez Miguel.
260 _aSalamanca :
_b[s.n.],
_c1896 (
_fimprenta de Francisco Núñez Izquierdo)
300 _a72 p. ;
_c30 cm.
710 0 _aUniversidad Literaria de Salamanca.
_97390
852 _aES-MaACL
_jT-775-F-7
_z-- Enc. hol., conservando la cub. original
_z-- Enc. en un vol. facticio
999 _c163793
_d163793